Western (Latin) Countries - Statistics

General Stats
  • This quiz has been taken 55 times
  • The average score is 61 of 68
Answers on the Map
Answers color-coded by a green-red scale on the quiz's map according to % correct below.
 
Answer Stats
Country % Correct
Canada
98%
United States
98%
Brazil
96%
Ecuador
96%
Italy
96%
Mexico
96%
Portugal
96%
Spain
96%
Argentina
94%
Belgium
94%
Bolivia
94%
Chile
94%
Colombia
94%
Cuba
94%
Dominican Republic
94%
France
94%
Guatemala
94%
Iceland
94%
Ireland
94%
Netherlands
94%
Nicaragua
94%
Panama
94%
Paraguay
94%
Peru
94%
Poland
94%
United Kingdom
94%
Uruguay
94%
Venezuela
94%
Costa Rica
92%
Czech Republic
92%
Denmark
92%
El Salvador
92%
Germany
92%
Haiti
92%
Honduras
92%
Norway
92%
Suriname
92%
Sweden
92%
Switzerland
92%
Australia
90%
Austria
90%
Bahamas
90%
Belize
90%
Dominica
90%
Finland
90%
New Zealand
90%
Slovakia
90%
Slovenia
90%
Hungary
88%
Croatia
86%
Jamaica
86%
Barbados
84%
Luxembourg
84%
Saint Lucia
84%
Estonia
82%
Latvia
82%
Lithuania
82%
Saint Vincent and the Grenadines
82%
Vatican City
82%
Antigua and Barbuda
80%
Saint Kitts and Nevis
80%
Trinidad and Tobago
80%
San Marino
78%
Grenada
76%
Malta
76%
Andorra
71%
Liechtenstein
69%
Monaco
69%
No matching quizzes found
Score Distribution
Percent of People with Each Score
Percentile by Number Answered
Your Score History
You have not taken this quiz